[Event "FIDE-Wch k.o. (Women)"]
[Site "Elista RUS"]
[Date "2004.05.22"]
[Round "1.1"]
[White "Mkrtchian, Lilit"]
[Black "Socko, Monika"]
[Result "0-1"]
[WhiteElo "2387"]
[BlackElo "2408"]
[EventDate "2004.05.22"]
[PlyCount "164"]

1.e4 e6 2.d4 d5 3.Nd2 Nf6 4.e5 Nfd7 5.Bd3 c5 6.c3 Nc6 7.Ne2 cxd4 8.cxd4 f6
9.exf6 Nxf6 10.Nf3 Bd6 11.O-O O-O 12.Bf4 Bxf4 13.Nxf4 Ne4 14.Nh5 g6 15.Ng3
Nxg3 16.hxg3 Qb6 17.Qa4 a6 18.Qb3 Qxb3 19.axb3 Bd7 20.Rad1 Kg7 21.Rfe1 
Rac8 22.Bb1 h6 23.Ne5 Nxe5 24.Rxe5 Rc6 25.f3 Rfc8 26.Kf2 Rb6 27.Re3 a5 28.
Rd2 Kf6 29.f4 Rc1 30.Bc2 a4 31.Bd1 Rb1 32.Rc3 Bc6 33.Ke3 Rb4 34.Kf2 axb3 
35.Bxb3 Bb5 36.g4 Rf1+ 37.Kg3 Re1 38.Rf3 Re4 39.f5 gxf5 40.gxf5 Rbxd4 41.
fxe6+ Kxe6 42.Rdf2 Rd3 43.Rxd3 Bxd3 44.Bd1 Ke5 45.Rf7 Rb4 46.b3 Be4 47.
Re7+ Kd4 48.Re6 Ke3 49.Rxh6 Kd2 50.Rh1 d4 51.Kf2 Rb6 52.Rg1 Rf6+ 53.Bf3 
Bxf3 54.gxf3 d3 55.Rg7 Rb6 56.f4 Rxb3 57.f5 Rb5 58.Rf7 Re5 59.f6 Rf5+ 60.
Kg3 b5 61.Kg4 Rf1 62.Kg5 b4 63.Rb7 Kc3 64.Rc7+ Kb2 65.Rd7 Rf3 66.f7 b3 67.
Kg6 Kc2 68.Rc7+ Kb1 69.Rc3 b2 70.Rxd3 Rxf7 71.Kxf7 Kc2 72.Re3 b1=Q 73.Re5 
Kd3 74.Ke6 Qb8 75.Kf5 Kd4 76.Re7 Qd6 77.Re4+ Kd5 78.Re3 Qf8+ 79.Kg4 Qh6 
80.Re2 Kd4 81.Kf3 Kd3 82.Ra2 Qf8+ 0-1

[Event "FIDE-Wch k.o. (Women)"]
[Site "Elista RUS"]
[Date "2004.05.23"]
[Round "1.2"]
[White "Socko, Monika"]
[Black "Mkrtchian, Lilit"]
[Result "0-1"]
[WhiteElo "2408"]
[BlackElo "2387"]
[EventDate "2004.05.22"]
[PlyCount "100"]

1.d4 Nf6 2.c4 e6 3.Nc3 Bb4 4.e3 c5 5.Ne2 cxd4 6.exd4 d5 7.c5 Ne4 8.Bd2 
Nxd2 9.Qxd2 a5 10.a3 Bxc3 11.Nxc3 a4 12.Bd3 Bd7 13.O-O b6 14.cxb6 Qxb6 15.
Rfe1 O-O 16.Bc2 g6 17.h4 Rc8 18.Re3 Rc4 19.Rd3 Nc6 20.Rd1 h5 21.Qf4 Qxb2 
22.Rf3 Ne5 23.Qxe5 Qxc2 24.Rdd3 Rac8 25.Ne2 Qb1+ 26.Kh2 Qb8 27.Qxb8 Rxb8 
28.Nf4 Rb2 29.Nh3 Kg7 30.Kg3 Rbc2 31.Rfe3 Bb5 32.Rf3 Rc7 33.Rde3 Re2 34.
Ng5 Rxe3 35.fxe3 Bd3 36.Kf4 Bf5 37.e4 dxe4 38.Nxe4 Rc4 39.Ke5 Rc2 40.Nc5 
Rxg2 41.Nxa4 Re2+ 42.Kd6 Re4 43.Nc5 Rxd4+ 44.Ke7 Rxh4 45.a4 Rh3 46.Rxh3 
Bxh3 47.Kd6 Bg2 48.Ke5 g5 49.Kd4 h4 50.Ke3 Bc6 0-1

[Event "FIDE-Wch k.o. (Women)"]
[Site "Elista RUS"]
[Date "2004.05.23"]
[Round "1.3"]
[White "Socko, Monika"]
[Black "Mkrtchian, Lilit"]
[Result "0-1"]
[WhiteElo "2408"]
[BlackElo "2387"]
[EventDate "2004.05.22"]
[PlyCount "90"]

1.d4 d5 2.c4 e6 3.Nc3 Nf6 4.Nf3 Be7 5.cxd5 exd5 6.Bg5 O-O 7.e3 Nbd7 8.Bd3 
Re8 9.O-O c6 10.Qc2 Nf8 11.h3 g6 12.Bxf6 Bxf6 13.b4 a6 14.a4 Ne6 15.Rfd1 
Bg7 16.Rab1 Ng5 17.Nxg5 Qxg5 18.Kh1 Qh4 19.Kg1 Qg5 20.Kf1 Qh4 21.b5 axb5 
22.axb5 Bxh3 23.gxh3 Qxh3+ 24.Ke1 Bxd4 25.Be2 Bg7 26.bxc6 bxc6 27.Rd3 d4 
28.Nd1 c5 29.Qxc5 Rac8 30.Qd5 Rcd8 31.Qf3 Qh4 32.Rb4 Re6 33.Ra4 Qh2 34.Ra8
Qg1+ 35.Bf1 Qg5 36.Rxd8+ Qxd8 37.Be2 Re8 38.Qc6 Re6 39.Qc4 h5 40.exd4 Qh4 
41.Re3 Qh1+ 42.Bf1 Re4 43.Qc8+ Kh7 44.d5 Rd4 45.Nc3 Rb4 0-1

[Event "FIDE-Wch k.o. (Women)"]
[Site "Elista RUS"]
[Date "2004.05.23"]
[Round "1.4"]
[White "Mkrtchian, Lilit"]
[Black "Socko, Monika"]
[Result "0-1"]
[WhiteElo "2387"]
[BlackElo "2408"]
[EventDate "2004.05.22"]
[PlyCount "150"]

1.e4 g6 2.d4 d6 3.Nc3 Bg7 4.f4 Nf6 5.Nf3 O-O 6.Bd3 c5 7.dxc5 dxc5 8.Bc4 
Qxd1+ 9.Kxd1 Ng4 10.Ke2 Bxc3 11.bxc3 Nc6 12.h3 Nf6 13.e5 Ne4 14.Ke3 Nxc3 
15.Bd2 Na4 16.g4 Nb6 17.Be2 Be6 18.Kf2 Rac8 19.Rhb1 Rfd8 20.c3 Rd7 21.Rb5 
Nd8 22.Be3 Nd5 23.Bd2 Nb6 24.Be3 Nd5 25.Bd2 a6 26.Rb2 f6 27.a4 Nc6 28.Rab1
fxe5 29.fxe5 Nd8 30.Ng5 Nc7 31.Ne4 Nd5 32.Ng5 Rc6 33.Bc4 Kg7 34.Ne4 Nc7 
35.Bf1 Bd5 36.Ng5 Nce6 37.c4 Bh1 38.Nxe6+ Rxe6 39.Be2 Bc6 40.a5 Nf7 41.Be3
Rxe5 42.Rd2 Rxd2 43.Bxd2 Re6 44.Bc3+ Kg8 45.Rd1 Nd6 46.Bb2 Ne4+ 47.Kg1 Ng5
48.Bf1 Nf3+ 49.Kf2 Ng5 50.Rd8+ Kf7 51.Rh8 Re4 52.Bc1 Kg7 53.Rc8 Nf7 54.Rc7
e5 55.Be3 Kf6 56.Bxc5 Rf4+ 57.Kg1 e4 58.Bd4+ Ke6 59.c5 Kd5 60.Be3 Rf3 61.
Bf2 Ne5 62.Bg2 Ra3 63.Rxh7 Ra1+ 64.Kh2 Ra2 65.Kg3 Rxa5 66.Re7 Ra3+ 67.Kh2 
Nf3+ 68.Bxf3 Rxf3 69.Kg2 a5 70.h4 a4 71.h5 gxh5 72.g5 a3 73.g6 Rf6 74.Be1 
Rxg6+ 75.Kh3 Kc4 0-1

[Event "FIDE-Wch k.o. (Women)"]
[Site "Elista RUS"]
[Date "2004.05.23"]
[Round "1.5"]
[White "Mkrtchian, Lilit"]
[Black "Socko, Monika"]
[Result "1/2-1/2"]
[WhiteElo "2387"]
[BlackElo "2408"]
[EventDate "2004.05.22"]
[PlyCount "54"]

1.e4 e6 2.d4 d5 3.Nd2 Nf6 4.e5 Nfd7 5.Bd3 c5 6.c3 Nc6 7.Ne2 cxd4 8.cxd4 f6
9.exf6 Nxf6 10.Nf3 Bd6 11.O-O O-O 12.Bf4 Bxf4 13.Nxf4 Ne4 14.g3 Qf6 15.h4 
h6 16.Bxe4 dxe4 17.Ne5 Rd8 18.Nxc6 bxc6 19.Qc2 Rb8 20.Rfd1 Rb4 21.Qxe4 
Rxb2 22.Qe3 Rb4 23.Ne2 Ba6 24.Nf4 Bc8 25.Ne2 Ba6 26.Nf4 Bc8 27.Ne2 Ba6 
1/2-1/2

[Event "FIDE-Wch k.o. (Women)"]
[Site "Elista RUS"]
[Date "2004.05.23"]
[Round "1.6"]
[White "Socko, Monika"]
[Black "Mkrtchian, Lilit"]
[Result "1/2-1/2"]
[WhiteElo "2408"]
[BlackElo "2387"]
[EventDate "2004.05.22"]
[PlyCount "76"]

1.d4 Nf6 2.c4 e6 3.Nc3 Bb4 4.e3 c5 5.Ne2 cxd4 6.exd4 d5 7.c5 Ne4 8.Bd2 
Nxd2 9.Qxd2 a5 10.a3 Bxc3 11.Nxc3 a4 12.Bd3 Bd7 13.O-O b6 14.cxb6 Qxb6 15.
Rfe1 O-O 16.Bc2 g6 17.Re3 Nc6 18.Rd1 Na5 19.Rh3 f5 20.Bxa4 Nc4 21.Qh6 Rf7 
22.Bxd7 Rxd7 23.b4 Rxa3 24.b5 Qa5 25.Rc1 Ra1 26.Rd3 Nb2 27.Rg3 Rg7 28.Qe3 
Re7 29.Qe1 Rxc1 30.Qxc1 Qb4 31.h4 Rc7 32.Qe3 Qd6 33.Ne2 Nc4 34.Qh6 Qf8 35.
Qf4 Qd6 36.Qh6 Qf8 37.Qf4 Qd6 38.Qh6 Qf8 1/2-1/2

[Event "FIDE-Wch k.o. (Women)"]
[Site "Elista RUS"]
[Date "2004.05.23"]
[Round "1.7"]
[White "Mkrtchian, Lilit"]
[Black "Socko, Monika"]
[Result "1-0"]
[WhiteElo "2387"]
[BlackElo "2408"]
[EventDate "2004.05.22"]
[PlyCount "85"]

1.e4 g6 2.d4 d6 3.Nc3 Bg7 4.f4 Nf6 5.Nf3 O-O 6.Bd3 c5 7.d5 Na6 8.O-O Rb8 
9.Kh1 Bg4 10.Bc4 Nc7 11.a4 a6 12.a5 Nb5 13.h3 Nxc3 14.bxc3 Nxe4 15.hxg4 
Ng3+ 16.Kh2 Nxf1+ 17.Qxf1 Qd7 18.Kg3 Bxc3 19.Ra3 Bg7 20.Bd2 b5 21.axb6 
Rxb6 22.Bc3 Bxc3 23.Rxc3 Rfb8 24.Qh1 h5 25.gxh5 Qf5 26.hxg6 Qxg6+ 27.Kf2 
Rb1 28.Qh4 f6 29.Bd3 Qg7 30.Bf5 Kf8 31.Be6 R8b2 32.Nd2 Rd1 33.Nc4 Ra2 34.
Ne3 Rd4 35.Nf5 Rd2+ 36.Ke3 Re2+ 37.Kxe2 Qxg2+ 38.Qf2 Qe4+ 39.Ne3 a5 40.Qh2
Kg7 41.Qg3+ Qg6 42.Nf5+ Kh7 43.Qh4+ 1-0

[Event "FIDE-Wch k.o. (Women)"]
[Site "Elista RUS"]
[Date "2004.05.22"]
[Round "1.1"]
[White "Wang Yu"]
[Black "Bojkovic, Natasa"]
[Result "1/2-1/2"]
[WhiteElo "2393"]
[BlackElo "2400"]
[EventDate "2004.05.22"]
[PlyCount "66"]

1.e4 c5 2.Nf3 e6 3.d4 cxd4 4.Nxd4 a6 5.Nc3 Qc7 6.Bd3 Nc6 7.Nxc6 Qxc6 8.Qe2
Bb4 9.Bd2 Ne7 10.O-O-O b5 11.Kb1 Bb7 12.Rhe1 Bc5 13.e5 Qc7 14.Ne4 Bxe4 15.
Qxe4 Rc8 16.f4 h5 17.g3 g6 18.Bf1 Qb6 19.Bg2 Nf5 20.Qb7 Qxb7 21.Bxb7 Rb8 
22.Be4 Ke7 23.c3 Rhc8 24.Bxf5 gxf5 25.Be3 b4 26.Bxc5+ Rxc5 27.cxb4 Rxb4 
28.Rd2 a5 29.Red1 Rb7 30.Rd4 Rcc7 31.Rc1 f6 32.exf6+ Kxf6 33.Rcd1 d5 
1/2-1/2

[Event "FIDE-Wch k.o. (Women)"]
[Site "Elista RUS"]
[Date "2004.05.23"]
[Round "1.2"]
[White "Bojkovic, Natasa"]
[Black "Wang Yu"]
[Result "1-0"]
[WhiteElo "2400"]
[BlackElo "2393"]
[EventDate "2004.05.22"]
[PlyCount "179"]

1.e4 e5 2.Nf3 Nf6 3.Nxe5 d6 4.Nf3 Nxe4 5.d4 d5 6.Bd3 Nc6 7.O-O Be7 8.c4 
Nb4 9.cxd5 Nxd3 10.Qxd3 Qxd5 11.Re1 Bf5 12.Nc3 Nxc3 13.Qxc3 Be6 14.Qxc7 
Bd6 15.Qc3 O-O 16.Bd2 Rac8 17.Qa5 Rc2 18.Qxd5 Bxd5 19.Bc3 b5 20.a3 Bxf3 
21.gxf3 h6 22.Rac1 Rxc1 23.Rxc1 Rc8 24.h3 Kf8 25.Kf1 Ke7 26.Ke2 Ke6 27.Kd3
Kd5 28.Re1 f6 29.Re4 h5 30.Re1 a6 31.Re4 Rd8 32.Re2 Rc8 33.Re1 Rb8 34.Bb4 
Rc8 35.b3 Bxb4 36.axb4 Rc7 37.h4 Rc6 38.f4 g6 39.Rg1 Ke6 40.Rxg6 Rc1 41.
Rh6 Rd1+ 42.Ke4 Re1+ 43.Kd3 Rd1+ 44.Ke4 Re1+ 45.Kf3 Rd1 46.Rxh5 Rxd4 47.
Rc5 f5 48.Rc6+ Kf7 49.Rxa6 Rd3+ 50.Kg2 Rxb3 51.h5 Rxb4 52.Kg3 Rb1 53.Kh4 
Rg1 54.f3 Kg7 55.Rb6 Kf7 56.Rxb5 Kf6 57.Rb6+ Kg7 58.Ra6 Kf7 59.h6 Rg2 60.
Ra7+ Kf6 61.Ra6+ Kf7 62.Kh5 Rg3 63.Rb6 Rg1 64.Rc6 Rg3 65.Kh4 Rg1 66.Rd6 
Rg2 67.Rc6 Rg1 68.Rc7+ Kf6 69.h7 Rh1+ 70.Kg3 Ke6 71.Kf2 Kd6 72.Rf7 Ke6 73.
Ra7 Kd5 74.Ke3 Re1+ 75.Kd2 Rh1 76.Kc3 Rc1+ 77.Kb4 Rb1+ 78.Ka5 Rh1 79.Kb6 
Rh6+ 80.Kb5 Rh1 81.Rd7+ Ke6 82.Rg7 Kd5 83.Kb6 Ke6 84.Kc7 Kf6 85.Rd7 Ke6 
86.Kd8 Kf6 87.Ke8 Ke6 88.Ra7 Kf6 89.Kf8 Kg6 90.Kg8 1-0

[Event "FIDE-Wch k.o. (Women)"]
[Site "Elista RUS"]
[Date "2004.05.22"]
[Round "1.1"]
[White "Polovnikova, Ekaterina"]
[Black "Khurtsidze, Nino"]
[Result "1-0"]
[WhiteElo "2406"]
[BlackElo "2387"]
[EventDate "2004.05.22"]
[PlyCount "39"]

1.d4 d5 2.c4 e6 3.Nf3 Nf6 4.g3 dxc4 5.Bg2 Bb4+ 6.Bd2 Be7 7.O-O O-O 8.Qc2 
a6 9.Qxc4 b5 10.Qc2 Bb7 11.Rc1 Bd6 12.Bg5 Nbd7 13.Nbd2 c5 14.Bxf6 Qxf6 15.
Ne5 Nxe5 16.Bxb7 cxd4 17.Ne4 Qe7 18.Bxa8 Rxa8 19.Qc8+ Qf8 20.Nxd6 1-0

[Event "FIDE-Wch k.o. (Women)"]
[Site "Elista RUS"]
[Date "2004.05.23"]
[Round "1.2"]
[White "Khurtsidze, Nino"]
[Black "Polovnikova, Ekaterina"]
[Result "1/2-1/2"]
[WhiteElo "2387"]
[BlackElo "2406"]
[EventDate "2004.05.22"]
[PlyCount "87"]

1.c4 c6 2.Nf3 Nf6 3.e3 d5 4.b3 Bg4 5.Bb2 Nbd7 6.Be2 e6 7.d3 Bd6 8.h3 Bxf3 
9.Bxf3 O-O 10.O-O Qe7 11.a3 Rfd8 12.Qc2 Rac8 13.Nd2 c5 14.Rac1 b6 15.Rfd1 
Be5 16.d4 cxd4 17.exd4 Bf4 18.g3 Bh6 19.Bg2 Nb8 20.c5 bxc5 21.dxc5 Ne4 22.
Nxe4 Bxc1 23.Rxc1 dxe4 24.Bxe4 f5 25.Bg2 Nc6 26.b4 f4 27.b5 Nd4 28.Qc4 Qf6
29.c6 fxg3 30.fxg3 Nf3+ 31.Bxf3 Qxb2 32.c7 Rf8 33.Bg2 Qf2+ 34.Kh2 Qe3 35.
Rd1 Qe5 36.Rd7 Rf7 37.Rd8+ Rf8 38.Rd7 Rf7 39.Rd8+ Rf8 40.Rxf8+ Kxf8 41.
Qb4+ Kf7 42.a4 Rxc7 43.a5 Rc3 44.Qg4 1/2-1/2

[Event "FIDE-Wch k.o. (Women)"]
[Site "Elista RUS"]
[Date "2004.05.23"]
[Round "1.2"]
[White "Krush, Irina"]
[Black "Arribas Robaina, Maritza"]
[Result "1/2-1/2"]
[WhiteElo "2465"]
[BlackElo "2327"]
[EventDate "2004.05.22"]
[PlyCount "99"]

1.d4 Nf6 2.c4 g6 3.Nc3 Bg7 4.e4 d6 5.Nf3 O-O 6.Be2 e5 7.O-O Nbd7 8.Be3 c6 
9.d5 c5 10.Ne1 Ne8 11.g4 Bf6 12.Qd2 Ng7 13.Kh1 Be7 14.Rg1 Kh8 15.Nf3 Nf6 
16.Ng5 h6 17.Nh3 h5 18.f3 Nh7 19.Rg2 g5 20.Rag1 Rg8 21.Nd1 h4 22.Ndf2 Ne8 
23.Rb1 a5 24.Rgg1 Nc7 25.b3 Bd7 26.a4 Na6 27.Nd3 Nf8 28.Rbc1 Kh7 29.Rcf1 
Kh6 30.f4 exf4 31.Ndxf4 gxf4 32.Rxf4 Kg7 33.Qc3+ Kg6 34.Bd3 Nb4 35.Bb1 f6 
36.e5+ Kg7 37.e6 Nxe6 38.g5 Nxf4 39.Nxf4 Kf7 40.Nh5 f5 41.g6+ Rxg6 42.Rxg6
Qh8 43.Rg7+ Kf8 44.Qe1 Qxh5 45.Bh6 Re8 46.Rg6+ Kf7 47.Rg7+ Kf8 48.Rg6+ Kf7
49.Rg7+ Kf8 50.Rg6+ 1/2-1/2

[Event "FIDE-Wch k.o. (Women)"]
[Site "Elista RUS"]
[Date "2004.05.23"]
[Round "1.2"]
[White "Lomineishvili, Maia"]
[Black "Slavina, Irina"]
[Result "1-0"]
[WhiteElo "2397"]
[BlackElo "2395"]
[EventDate "2004.05.22"]
[PlyCount "131"]

1.d4 d5 2.c4 c6 3.e3 Nf6 4.Bd3 a6 5.Nc3 b5 6.b3 Bg4 7.Qc2 Nbd7 8.Nge2 Bxe2
9.Qxe2 e6 10.O-O Bd6 11.e4 dxe4 12.Nxe4 Nxe4 13.Qxe4 Rc8 14.Bb2 Nf6 15.Qh4
bxc4 16.bxc4 Rb8 17.Rab1 Be7 18.Qh3 h6 19.Bc3 O-O 20.Rbd1 Qc7 21.Bc2 Rfd8 
22.f4 Qb6 23.Kh1 c5 24.Qe3 cxd4 25.Bxd4 Qc6 26.f5 Rd6 27.c5 Rd7 28.fxe6 
Qxe6 29.Qxe6 fxe6 30.c6 Rd6 31.Be5 Rxc6 32.Bxb8 Rxc2 33.Bd6 Bxd6 34.Rxd6 
Rxa2 35.Rxe6 a5 36.Ree1 Rb2 37.Ra1 Rb5 38.Ra4 Kh7 39.Rfa1 Rb2 40.R4a2 Rb4 
41.Rxa5 Rg4 42.h3 Re4 43.Kh2 Rd4 44.R1a3 Rd7 45.Ra7 Rd5 46.Rg3 Nh5 47.Rf3 
Kg8 48.Rff7 Rg5 49.g4 Nf6 50.Kg3 Ne4+ 51.Kf4 Nf6 52.Kf3 Rg6 53.Kf4 Rg5 54.
Rfb7 Nd5+ 55.Kf3 Nf6 56.Rb8+ Kh7 57.Rf8 Rg6 58.Raa8 Rg5 59.h4 Rb5 60.h5 
Nxh5 61.gxh5 Rxh5 62.Rh8+ Kg6 63.Ra6+ Kf7 64.Ra7+ Kf6 65.Rf8+ Kg6 66.Rff7 
1-0

[Event "FIDE-Wch k.o. (Women)"]
[Site "Elista RUS"]
[Date "2004.05.22"]
[Round "1.1"]
[White "Kachiani-Gersinska, Ketino"]
[Black "Nguyen Thi Thanh An"]
[Result "1/2-1/2"]
[WhiteElo "2439"]
[BlackElo "2353"]
[EventDate "2004.05.22"]
[PlyCount "80"]

1.d4 Nf6 2.c4 g6 3.Nc3 Bg7 4.e4 d6 5.Be2 O-O 6.Bg5 Na6 7.h4 e5 8.d5 Qe8 9.
h5 Nc5 10.h6 Bh8 11.Bf3 a5 12.Nge2 Bd7 13.Ng3 b5 14.Be3 b4 15.Bxc5 bxc3 
16.Ba3 cxb2 17.Bxb2 a4 18.Ba3 Qe7 19.c5 Ne8 20.Rb1 f5 21.Rb7 Bc8 22.Rb4 
Nf6 23.Rxa4 Rxa4 24.Qxa4 fxe4 25.Nxe4 Nxe4 26.Bxe4 Bf6 27.Qb4 Bh4 28.g3 
Qf7 29.Qb2 Be7 30.cxd6 cxd6 31.O-O Bh3 32.Rb1 Bf5 33.Bxf5 gxf5 34.Qb7 f4 
35.g4 Qg6 36.f3 Qd3 37.Rf1 Qe3+ 38.Kh1 Qe2 39.Kg1 Qe3+ 40.Kh1 Qe2 1/2-1/2

[Event "FIDE-Wch k.o. (Women)"]
[Site "Elista RUS"]
[Date "2004.05.23"]
[Round "1.2"]
[White "Nguyen Thi Thanh An"]
[Black "Kachiani-Gersinska, Ketino"]
[Result "1/2-1/2"]
[WhiteElo "2353"]
[BlackElo "2439"]
[EventDate "2004.05.22"]
[PlyCount "87"]

1.d4 d5 2.c4 c6 3.Nc3 Nf6 4.e3 a6 5.Qc2 g6 6.Bd3 Bg7 7.Nf3 O-O 8.O-O Bg4 
9.Ne5 Be6 10.b3 c5 11.cxd5 Nxd5 12.Nxd5 Bxd5 13.e4 cxd4 14.Nxg6 hxg6 15.
exd5 Qxd5 16.Ba3 Nc6 17.Rae1 Rac8 18.Bc4 Qd7 19.Qe4 Ne5 20.Be2 d3 21.Bd1 
Rfd8 22.Qf4 Qc7 23.h4 d2 24.Re3 Qc1 25.Qb4 Nc6 26.Qc5 Bb2 27.Qg5 Bxa3 28.
h5 Rd6 29.Rh3 Qc5 30.Qh4 Bb2 31.hxg6 Rxg6 32.Qh7+ Kf8 33.Rf3 Bf6 34.b4 Qg5
35.Qh3 Rd8 36.g3 Nd4 37.Rd3 Rh6 38.Qg2 Qf5 39.Rxd2 Nf3+ 40.Qxf3 Qc8 41.
Rxd8+ Qxd8 42.Qxb7 Bd4 43.Bb3 Qd6 44.Kg2 1/2-1/2

[Event "FIDE-Wch k.o. (Women)"]
[Site "Elista RUS"]
[Date "2004.05.23"]
[Round "1.3"]
[White "Kachiani-Gersinska, Ketino"]
[Black "Nguyen Thi Thanh An"]
[Result "1-0"]
[WhiteElo "2439"]
[BlackElo "2353"]
[EventDate "2004.05.22"]
[PlyCount "127"]

1.d4 Nf6 2.c4 g6 3.Nc3 Bg7 4.e4 d6 5.Be2 O-O 6.Bg5 Na6 7.h4 e5 8.d5 Qe8 9.
h5 Nc5 10.h6 Bh8 11.Bf3 a5 12.Nge2 Bd7 13.Be3 Qc8 14.Nc1 a4 15.Rg1 Bg4 16.
Bxg4 Nxg4 17.Bxc5 dxc5 18.f3 Nxh6 19.Rh1 Bg7 20.Qd2 g5 21.Qxg5 Ra6 22.g4 
Rg6 23.Qe3 Kh8 24.Qxc5 Bf6 25.Nd3 Qd8 26.O-O-O Be7 27.Qf2 a3 28.b3 Bg5+ 
29.Kc2 Qf6 30.Qg3 Re8 31.Rh5 Ng8 32.Rf1 Kg7 33.Nb5 c6 34.Nc3 h6 35.Rhh1 b5
36.c5 Bf4 37.Qh4 Bg5 38.Qf2 cxd5 39.exd5 Qd8 40.Re1 Nf6 41.d6 b4 42.Nxb4 
Qa5 43.Nc6 Qa8 44.Nxe5 Rxe5 45.Rxe5 Nxg4 46.fxg4 Qxh1 47.Re1 Qh3 48.Ne4 
Bh4 49.Qd4+ Kh7 50.Rd1 Rxg4 51.Qd3 Qg2+ 52.Nd2+ Kg7 53.d7 Bd8 54.Qc3+ Kg8 
55.c6 Rg6 56.c7 Bxc7 57.Qxc7 Rc6+ 58.Qxc6 Qxc6+ 59.Nc4 Qe4+ 60.Rd3 Qg2+ 
61.Rd2 Qe4+ 62.Kc1 Qe1+ 63.Rd1 Qc3+ 64.Kb1 1-0

[Event "FIDE-Wch k.o. (Women)"]
[Site "Elista RUS"]
[Date "2004.05.23"]
[Round "1.4"]
[White "Nguyen Thi Thanh An"]
[Black "Kachiani-Gersinska, Ketino"]
[Result "1-0"]
[WhiteElo "2353"]
[BlackElo "2439"]
[EventDate "2004.05.22"]
[PlyCount "121"]

1.d4 d5 2.c4 c6 3.Nc3 Nf6 4.e3 a6 5.Nf3 Bg4 6.Qb3 Ra7 7.Bd2 Bxf3 8.gxf3 e6
9.Rg1 g6 10.Rc1 Nbd7 11.cxd5 exd5 12.f4 Bd6 13.Be2 Qe7 14.h4 Nf8 15.a3 Ne6
16.Qc2 Ng7 17.Kf1 Qe6 18.Rh1 O-O 19.Bd3 Re8 20.Ne2 Ne4 21.Ng1 Raa8 22.Nf3 
f6 23.Be1 Re7 24.Nd2 Kh8 25.Be2 Nf5 26.Nxe4 Qxe4 27.Qxe4 dxe4 28.h5 Kg7 
29.b4 g5 30.fxg5 fxg5 31.Rg1 h6 32.Bg4 Rf8 33.Ke2 Nh4 34.Bc3 Kh7 35.Rcd1 
Nf3 36.Bxf3 exf3+ 37.Kd3 a5 38.bxa5 Bxa3 39.e4 c5 40.d5 c4+ 41.Kxc4 Rxe4+ 
42.Rd4 Rc8+ 43.Kd3 Re7 44.Rb1 Rd7 45.Rb5 Bd6 46.Re4 Rc5 47.Rxc5 Bxc5 48.
Re8 Rg7 49.Bxg7 Kxg7 50.Ke4 g4 51.Re6 Bxf2 52.Rg6+ Kf7 53.Rxg4 Be1 54.Kxf3
Bxa5 55.Rg6 Bd2 56.Rb6 Ke7 57.Rxb7+ Kd6 58.Ke4 Bg5 59.Rb6+ Kd7 60.Ke5 Kc7 
61.Rg6 1-0

[Event "FIDE-Wch k.o. (Women)"]
[Site "Elista RUS"]
[Date "2004.05.23"]
[Round "1.5"]
[White "Nguyen Thi Thanh An"]
[Black "Kachiani-Gersinska, Ketino"]
[Result "1-0"]
[WhiteElo "2353"]
[BlackElo "2439"]
[EventDate "2004.05.22"]
[PlyCount "83"]

1.d4 c6 2.c4 d5 3.Nc3 Nf6 4.e3 a6 5.Nf3 b5 6.cxd5 cxd5 7.a4 b4 8.Na2 e6 9.
Bd2 a5 10.Nc1 Bd6 11.Nb3 Nbd7 12.Bb5 O-O 13.Qe2 Bb7 14.O-O Ne4 15.Rfc1 Qe7
16.Rc2 g5 17.h3 h5 18.Ne5 Nxe5 19.dxe5 Bxe5 20.Qxh5 Rfc8 21.Rac1 Rxc2 22.
Rxc2 Rc8 23.Qd1 Rxc2 24.Qxc2 Bc7 25.Be1 Qd6 26.g3 f5 27.Nd4 Kf7 28.Bd3 Bb8
29.Bxe4 dxe4 30.Qe2 Ba6 31.Qh5+ Kf8 32.Qxg5 Bc4 33.Qf6+ Kg8 34.h4 Qd7 35.
h5 Bc7 36.h6 Bd8 37.Qg6+ Kh8 38.b3 Bd5 39.Bd2 Bc7 40.Bc1 Qh7 41.Qf6+ Kg8 
42.Nxe6 1-0

[Event "FIDE-Wch k.o. (Women)"]
[Site "Elista RUS"]
[Date "2004.05.23"]
[Round "1.6"]
[White "Kachiani-Gersinska, Ketino"]
[Black "Nguyen Thi Thanh An"]
[Result "1-0"]
[WhiteElo "2439"]
[BlackElo "2353"]
[EventDate "2004.05.22"]
[PlyCount "143"]

1.d4 g6 2.c4 Bg7 3.e4 Nc6 4.Nf3 e5 5.Bg5 Nge7 6.dxe5 Nxe5 7.Nxe5 Bxe5 8.
Nc3 h6 9.Be3 d6 10.Be2 Be6 11.Qd2 Bg7 12.O-O Qd7 13.Nd5 Bxd5 14.cxd5 f5 
15.Bd4 Kf7 16.Bxg7 Kxg7 17.Qd4+ Kh7 18.Rac1 Rhf8 19.Rc3 c5 20.dxc6 Nxc6 
21.Qa4 fxe4 22.Qxe4 Rae8 23.Qd3 Re7 24.h3 Rf6 25.f4 Qf5 26.Qd2 Qe4 27.Bd3 
Qd4+ 28.Kh1 Kg7 29.a3 Qe3 30.Rc2 Qxd2 31.Rxd2 Re3 32.Bc2 Kf8 33.Kh2 Ke7 
34.Rfd1 Na5 35.Rf1 b6 36.Bd3 Nb3 37.Rdd1 Nc5 38.Bb1 Ne6 39.Rfe1 Rxe1 40.
Rxe1 Kd7 41.g3 d5 42.Kg2 Kd6 43.Ba2 g5 44.fxg5 Nxg5 45.Rd1 Rf5 46.g4 Re5 
47.h4 Ne6 48.Kf3 Kc5 49.b4+ Kd6 50.Rd2 Nc7 51.a4 Re1 52.a5 Ke5 53.a6 d4 
54.Bc4 Re3+ 55.Kf2 Nd5 56.g5 hxg5 57.hxg5 Nf4 58.Bf1 Ke4 59.Rc2 Rf3+ 60.
Ke1 Re3+ 61.Kd1 Nd3 62.Bg2+ Kf5 63.Rc7 Nxb4 64.Rxa7 Ra3 65.Rf7+ Kxg5 66.a7
Kg6 67.Rd7 Kf6 68.a8=Q Rxa8 69.Bxa8 Ke5 70.Kd2 Na6 71.Rb7 Nc5 72.Rxb6 1-0

[Event "FIDE-Wch k.o. (Women)"]
[Site "Elista RUS"]
[Date "2004.05.23"]
[Round "1.7"]
[White "Nguyen Thi Thanh An"]
[Black "Kachiani-Gersinska, Ketino"]
[Result "1/2-1/2"]
[WhiteElo "2353"]
[BlackElo "2439"]
[EventDate "2004.05.22"]
[PlyCount "92"]

1.d4 b6 2.c4 Bb7 3.Nc3 e6 4.Nf3 Nf6 5.Bg5 h6 6.Bh4 Be7 7.e3 d6 8.Be2 Nbd7 
9.O-O g5 10.Bg3 h5 11.h4 g4 12.Ng5 Nh7 13.Nxh7 Rxh7 14.d5 e5 15.Qd3 Rh8 
16.Qf5 Bxh4 17.Bxh4 Qxh4 18.Nb5 O-O-O 19.Nxa7+ Kb8 20.Nc6+ Bxc6 21.dxc6 
Nc5 22.b4 Na6 23.c5 Nxb4 24.cxb6 g3 25.fxg3 Qxg3 26.Rf3 Qg6 27.Qxf7 Qxf7 
28.Rxf7 Rdf8 29.Rxc7 Rc8 30.Rb7+ Ka8 31.Ra7+ Kb8 32.c7+ Rxc7 33.Rxc7 Nd5 
34.Rc6 Nxe3 35.Rxd6 e4 36.Rc1 Rg8 37.Bf1 h4 38.Rh6 Nf5 39.Rh7 e3 40.Rcc7 
Nd6 41.Be2 h3 42.Rxh3 Nc8 43.Rhh7 Nxb6 44.Rb7+ Ka8 45.Rxb6 Rxg2+ 46.Kf1 
Rg1+ 1/2-1/2

[Event "FIDE-Wch k.o. (Women)"]
[Site "Elista RUS"]
[Date "2004.05.22"]
[Round "1.1"]
[White "Sebag, Marie"]
[Black "Pogonina, Natalia"]
[Result "1/2-1/2"]
[WhiteElo "2398"]
[BlackElo "2393"]
[EventDate "2004.05.22"]
[PlyCount "160"]

1.e4 c5 2.Nf3 d6 3.d4 cxd4 4.Nxd4 Nf6 5.Nc3 g6 6.Be3 Bg7 7.f3 O-O 8.Qd2 
Nc6 9.O-O-O Nxd4 10.Bxd4 Be6 11.Kb1 Qc7 12.h4 Rfc8 13.h5 Qa5 14.hxg6 fxg6 
15.a3 Rab8 16.g4 b5 17.Qg5 Qc7 18.e5 Ne4 19.fxe4 dxe5 20.Bd3 exd4 21.Nd5 
Bxd5 22.Qxd5+ e6 23.Qxe6+ Qf7 24.Qxf7+ Kxf7 25.Rxh7 Kg8 26.Rdh1 Rc5 27.b4 
Rg5 28.a4 a6 29.axb5 axb5 30.c4 dxc3 31.Bc2 Rb7 32.Bb3+ Kf8 33.Rd1 Ke8 34.
Be6 Rc7 35.Kc2 Re5 36.Bd5 Ree7 37.Rhh1 Be5 38.Rh6 Rh7 39.Bc6+ Kf8 40.Rd8+ 
Kg7 41.Rxh7+ Kxh7 42.Bxb5 Kh6 43.Re8 Bd6 44.Re6 Bxb4 45.Be8 Kg5 46.Rb6 Be7
47.Rxg6+ Kf4 48.Bc6 Bb4 49.Bd5 Rh7 50.Kb3 Rh1 51.Rc6 Rb1+ 52.Ka4 Kxg4 53.
e5 Be7 54.Bb3 Ra1+ 55.Kb5 Kf5 56.Rc7 Bd8 57.Rc8 Bg5 58.e6 Bf6 59.Rc5+ Kg6 
60.Bc2+ Kh6 61.Rc6 Kg5 62.Rc5+ Kh6 63.Rf5 Kg7 64.Rh5 Re1 65.Rh7+ Kg8 66.
Rc7 Re5+ 67.Kb4 Bg5 68.Kxc3 Kf8 69.Rf7+ Kg8 70.Bb3 Kh8 71.Kd4 Re1 72.Bd5 
Be3+ 73.Ke5 Bc5+ 74.Be4 Kg8 75.Rc7 Ba3 76.Kf5 Rf1+ 77.Kg4 Rf4+ 78.Kxf4 
Bd6+ 79.Kg5 Bxc7 80.Bh7+ Kf8 1/2-1/2

[Event "FIDE-Wch k.o. (Women)"]
[Site "Elista RUS"]
[Date "2004.05.23"]
[Round "1.2"]
[White "Pogonina, Natalia"]
[Black "Sebag, Marie"]
[Result "0-1"]
[WhiteElo "2393"]
[BlackElo "2398"]
[EventDate "2004.05.22"]
[PlyCount "62"]

1.e4 c5 2.Nf3 d6 3.d4 cxd4 4.Nxd4 Nf6 5.Nc3 a6 6.Be2 e5 7.Nb3 Be7 8.Be3 
Be6 9.Nd5 Nbd7 10.Qd3 O-O 11.c4 b5 12.cxb5 axb5 13.O-O Bxd5 14.exd5 Nb6 
15.Bxb6 Qxb6 16.Qxb5 Qa7 17.Qd3 Rfb8 18.h3 Rb4 19.Rfd1 Bd8 20.a3 Rf4 21.
Kh2 Rxf2 22.Nd2 Bb6 23.Bf3 Be3 24.Nc4 Bf4+ 25.Kh1 e4 26.Bxe4 Nh5 27.Bf3 
Rf1+ 28.Rxf1 Ng3+ 29.Kh2 Nxf1+ 30.Kh1 Ng3+ 31.Kh2 Ne4+ 0-1

[Event "FIDE-Wch k.o. (Women)"]
[Site "Elista RUS"]
[Date "2004.05.22"]
[Round "1.1"]
[White "Goletiani, Rusudan"]
[Black "Peptan, Corina-Isabela"]
[Result "0-1"]
[WhiteElo "2352"]
[BlackElo "2439"]
[EventDate "2004.05.22"]
[PlyCount "136"]

1.e4 c5 2.Nf3 e6 3.d3 Nc6 4.g3 d5 5.Nbd2 Nf6 6.Bg2 Be7 7.O-O O-O 8.Re1 b6 
9.e5 Nd7 10.Nf1 Bb7 11.h4 Re8 12.N1h2 Bf8 13.Bg5 Qc7 14.Bf4 Ne7 15.Ng4 Ng6
16.Bd2 h5 17.Ngh2 Ndxe5 18.Ng5 f6 19.Nh3 d4 20.Bxb7 Qxb7 21.f4 Nc6 22.Qxh5
Qf7 23.Qg4 e5 24.h5 Nge7 25.fxe5 Nxe5 26.Rxe5 fxe5 27.Rf1 Qd5 28.h6 g6 29.
Qg5 Qe6 30.Ng4 Nf5 31.Nf6+ Kf7 32.Nxe8 Kxe8 33.h7 Bg7 34.Qg4 Kd7 35.Ng5 
Qd5 36.Qe4 Qxe4 37.dxe4 Nd6 38.Kg2 Ke7 39.Bc1 Rh8 40.Rh1 Bf6 41.a4 Ke8 42.
Kf3 Bxg5 43.Bxg5 Kf7 44.Rh4 Kg7 45.Rh1 Nf7 46.Bd2 Rxh7 47.Rxh7+ Kxh7 48.b3
Kg7 49.Ke2 Kf6 50.Bc1 Ke6 51.Kd3 Nd6 52.Ba3 Nb7 53.Kc4 a6 54.Bc1 Nd6+ 55.
Kd3 b5 56.axb5 axb5 57.c4 dxc3 58.Be3 c2 59.g4 c4+ 60.Kxc2 Nxe4 61.bxc4 
bxc4 62.Bc1 Kd5 63.Be3 Nf6 64.g5 Ne4 65.Bc1 Kd4 66.Bb2+ c3 67.Bc1 Kc4 68.
Be3 Kd5 0-1